<?xml version="1.0" encoding="UTF-8"?>
<record
    xmlns:xsi="http://www.w3.org/2001/XMLSchema-instance"
    xsi:schemaLocation="http://www.loc.gov/MARC21/slim http://www.loc.gov/standards/marcxml/schema/MARC21slim.xsd"
    xmlns="http://www.loc.gov/MARC21/slim">

  <leader>02734cam a22004094i 4500</leader>
  <controlfield tag="001">18252443</controlfield>
  <controlfield tag="005">20221220095513.0</controlfield>
  <controlfield tag="008">140804s2015    enka     b    001 0 eng  </controlfield>
  <datafield tag="010" ind1=" " ind2=" ">
    <subfield code="a">  2014017206</subfield>
  </datafield>
  <datafield tag="020" ind1=" " ind2=" ">
    <subfield code="a">9780415857437 (hardback)</subfield>
  </datafield>
  <datafield tag="020" ind1=" " ind2=" ">
    <subfield code="z">9781315746999 (ebook)</subfield>
  </datafield>
  <datafield tag="040" ind1=" " ind2=" ">
    <subfield code="a">DLC</subfield>
    <subfield code="b">eng</subfield>
    <subfield code="c">DLC</subfield>
    <subfield code="e">rda</subfield>
    <subfield code="d">DLC</subfield>
  </datafield>
  <datafield tag="042" ind1=" " ind2=" ">
    <subfield code="a">pcc</subfield>
  </datafield>
  <datafield tag="050" ind1="0" ind2="0">
    <subfield code="a">JC323</subfield>
    <subfield code="b">.N37 2015</subfield>
  </datafield>
  <datafield tag="082" ind1="0" ind2="0">
    <subfield code="a">320.54,NAT</subfield>
    <subfield code="2">23</subfield>
  </datafield>
  <datafield tag="084" ind1=" " ind2=" ">
    <subfield code="a">POL000000</subfield>
    <subfield code="2">bisacsh</subfield>
  </datafield>
  <datafield tag="245" ind1="0" ind2="0">
    <subfield code="a">Nationalism, ethnicity and boundaries :</subfield>
    <subfield code="b">conceptualising and understanding identity through boundary approaches / </subfield>
    <subfield code="c">edited by Jennifer Jackson and Lina Molokotos-Liederman.</subfield>
  </datafield>
  <datafield tag="264" ind1=" " ind2="1">
    <subfield code="a">Abingdon, OX ;</subfield>
    <subfield code="a">New York, NY :</subfield>
    <subfield code="b">Routledge,</subfield>
    <subfield code="c">2015.</subfield>
  </datafield>
  <datafield tag="300" ind1=" " ind2=" ">
    <subfield code="a">xii, 252 pages :</subfield>
    <subfield code="b">illustrations ;</subfield>
    <subfield code="c">24 cm.</subfield>
  </datafield>
  <datafield tag="336" ind1=" " ind2=" ">
    <subfield code="a">text</subfield>
    <subfield code="b">txt</subfield>
    <subfield code="2">rdacontent</subfield>
  </datafield>
  <datafield tag="337" ind1=" " ind2=" ">
    <subfield code="a">unmediated</subfield>
    <subfield code="b">n</subfield>
    <subfield code="2">rdamedia</subfield>
  </datafield>
  <datafield tag="338" ind1=" " ind2=" ">
    <subfield code="a">volume</subfield>
    <subfield code="b">nc</subfield>
    <subfield code="2">rdacarrier</subfield>
  </datafield>
  <datafield tag="490" ind1="0" ind2=" ">
    <subfield code="a">Routledge studies in nationalism and ethnicity</subfield>
  </datafield>
  <datafield tag="505" ind1="0" ind2=" ">
    <subfield code="a">Introduction (Page-1), Boundaries and Borders / Richard Jenkins  (Page-11), Aspects of Boundary Research from the Perspective of Longue Dur&#xE9;e / Jean Terrier  (Page-28),  Modernity, Globalization and Nationalism : the Age of Frenzied Boundary-Building / Daniele Conversi (Page-57), Ethnic Boundaries : a Critical Rationalist Perspective / Michael Banton  (Page-83), Boundaries and Belonging : Dominant Ethnicity and the Place of the Nation in a Globalizing World / Michael Skey (Page-103), A the Bairns o Adam? : The Ethnic Boundaries of Scottish National Identity / Michael Rosie  (Page-124), Ethnicity and Boundaries in Jewish Nationalism / Yitzhak Conforti (Page-142), Nationalizing States Revisited : Projects and Processes of Nationalization in Post-Soviet States / Rogers Brubaker (Page-165), Negotiating National Identity in Northern Ireland and Quebec : Youth Perspectives / Jennifer Jackson  (Page-192), The Migration of Frontiers : Ethno-national Conflicts and Contested Cities / Wendy Pullan (Page-220).</subfield>
  </datafield>
  <datafield tag="650" ind1=" " ind2="0">
    <subfield code="a">Boundaries</subfield>
    <subfield code="x">Social aspects.</subfield>
    <subfield code="9">105260</subfield>
  </datafield>
  <datafield tag="650" ind1=" " ind2="0">
    <subfield code="a">Nationalism</subfield>
    <subfield code="x">Social aspects.</subfield>
    <subfield code="9">105261</subfield>
  </datafield>
  <datafield tag="650" ind1=" " ind2="0">
    <subfield code="a">Ethnicity</subfield>
    <subfield code="x">Social aspects.</subfield>
    <subfield code="9">105262</subfield>
  </datafield>
  <datafield tag="650" ind1=" " ind2="0">
    <subfield code="a">Boundaries</subfield>
    <subfield code="x">Social aspects</subfield>
    <subfield code="v">Case studies.</subfield>
    <subfield code="9">105263</subfield>
  </datafield>
  <datafield tag="650" ind1=" " ind2="0">
    <subfield code="a">Nationalism</subfield>
    <subfield code="x">Social aspects</subfield>
    <subfield code="v">Case studies.</subfield>
    <subfield code="9">105264</subfield>
  </datafield>
  <datafield tag="650" ind1=" " ind2="0">
    <subfield code="a">Ethnicity</subfield>
    <subfield code="x">Social aspects</subfield>
    <subfield code="v">Case studies.</subfield>
    <subfield code="9">105265</subfield>
  </datafield>
  <datafield tag="650" ind1=" " ind2="7">
    <subfield code="a">POLITICAL SCIENCE / General.</subfield>
    <subfield code="2">bisacsh</subfield>
    <subfield code="9">105266</subfield>
  </datafield>
  <datafield tag="700" ind1="1" ind2=" ">
    <subfield code="a">Jackson, Jennifer</subfield>
    <subfield code="q">(Jennifer L.)</subfield>
    <subfield code="e">editor of compilation.</subfield>
    <subfield code="9">105267</subfield>
  </datafield>
  <datafield tag="700" ind1="1" ind2=" ">
    <subfield code="a">Molokotos-Liederman, Lina,</subfield>
    <subfield code="e">editor of compilation.</subfield>
    <subfield code="9">105268</subfield>
  </datafield>
  <datafield tag="906" ind1=" " ind2=" ">
    <subfield code="a">7</subfield>
    <subfield code="b">cbc</subfield>
    <subfield code="c">orignew</subfield>
    <subfield code="d">1</subfield>
    <subfield code="e">ecip</subfield>
    <subfield code="f">20</subfield>
    <subfield code="g">y-gencatlg</subfield>
  </datafield>
  <datafield tag="942" ind1=" " ind2=" ">
    <subfield code="2">ddc</subfield>
    <subfield code="c">BK</subfield>
    <subfield code="k">320.54,NAT</subfield>
  </datafield>
  <datafield tag="999" ind1=" " ind2=" ">
    <subfield code="c">592732</subfield>
    <subfield code="d">592732</subfield>
  </datafield>
  <datafield tag="952" ind1=" " ind2=" ">
    <subfield code="0">0</subfield>
    <subfield code="1">0</subfield>
    <subfield code="2">ddc</subfield>
    <subfield code="4">0</subfield>
    <subfield code="7">0</subfield>
    <subfield code="a">MCS</subfield>
    <subfield code="b">MCS</subfield>
    <subfield code="c">GEN</subfield>
    <subfield code="d">2022-12-20</subfield>
    <subfield code="l">0</subfield>
    <subfield code="o">320.54,NAT</subfield>
    <subfield code="p">MCS37653</subfield>
    <subfield code="r">2022-12-20</subfield>
    <subfield code="w">2022-12-20</subfield>
    <subfield code="y">BK</subfield>
    <subfield code="z">Almirah No.49, Shelf No.4</subfield>
  </datafield>
</record>
